كتاب مصر في عهد الاحتلال الإنكليزي والمسألة المصرية
محفوظ في:
المؤلف الرئيسي:
التنسيق: كتاب
اللغة: Undetermined
منشور في:
Al-Qāhirah
matbaeat hindia
1897
الموضوعات:
الوسوم: إضافة وسم
لا توجد وسوم, كن أول من يضع وسما على هذه التسجيلة!
رقم الطلب: N33 REZN
| LEADER | 00578nam a2200145Ia 4500 | ||
|---|---|---|---|
| 008 | 240404s9999||||xx |||||||||||||| ||und|| | ||
| 050 | 4 | |a N33 REZN | |
| 100 | 1 | |a هنس رزنر. | |
| 245 | 1 | 0 | |a كتاب مصر في عهد الاحتلال الإنكليزي والمسألة المصرية |c هنس رزنر |
| 264 | 1 | |a Al-Qāhirah |b matbaeat hindia |c 1897 | |
| 300 | |a 139 |c 25 | ||
| 500 | |a مجلد معه المسألة المصرية لجون ماكيون روبرتسون | ||
| 650 | 4 | |a مصر تاريخ الإحتلال البريطاني، 1882-1936 | |
| 942 | |2 lcc |c BK | ||
| 999 | |c 58190 |d 58190 | ||
